00498nam a2200169Ia 4500008004100000041001200041082002100053100003100074245005600105365000700161520001200168546001200180630005600192650001200248655001200260730005600272101110s9999 xx 000 0 und d aMARATHI bSR3069a891.4611 aUpalekar Govind Ramchandra aShri Dnyaneshwari Subodhini Adhyay 14 Te 18 Khand 3 b10 aMarathi aMARATHI aShri Dnyaneshwari Subodhini Adhyay 14 Te 18 Khand 3 aMarathi aMarathi aShri Dnyaneshwari Subodhini Adhyay 14 Te 18 Khand 3